000 00745nam a2200253 i 4500
001 C2-0300656
003 PPAK
005 20180728082138.0
008 091111s2009 my |||| ||||| | may d
020 _a9789834357597
040 _aPPAK
_beng
_cPPAK
_erda
082 0 4 _a150.19432
_223
090 0 0 _a150.19432
_bNOR
_dG
100 0 _aNordin Jaafar,
_eauthor
245 1 0 _aMenangani individu sukar
264 1 _aKuala Lumpur :
_bMust Read ,
_c2009
300 _aix, 186 pages ;
_c23 cm
336 _2rdacontent
_atext
337 _2rdamedia
_aunmediated
338 _2rdacarrier
_avolume
650 1 0 _aBehaviorism (Psychology) - Religious aspects - Islam. ; Muslim - Conduct of life
700 0 _aZaki Zainol,
_eeditor
942 _ddc
_cB
999 _c104527
_d104527